Estatísticas para Amor é fogo que arde...

Clique aqui para jogar o quiz

Estatísticas Gerais

  • Esse quiz foi jogado 17 vezes
  • A pontuação média é 3 de 14

Estatísticas das Respostas

HintResposta% Correto
Amor é fogoque arde sem se ver,
88%
é ferida que dói,e não se sente;
71%
é umcontentamento descontente,
53%
é dor quedesatina sem doer.
29%
é nunca contentar-sede contente;
18%
é servir a quemvence, o vencedor;
18%
É um não querermais que bem querer;
12%
é ter com quemnos mata, lealdade.
12%
É querer estarpreso por vontade;
12%
é um andarsolitário entre a gente;
12%
se tão contrárioa si é o mesmo Amor?
6%
é um cuidar queganha em se perder.
6%
nos coraçõeshumanos amizade,
6%
Mas como causarpode seu favor
6%

Distribuição das Pontuações

Percentil de Números Respondidos

Porcentagem de Pessoas com Cada Pontuação

Sua Pontuação Histórica

Você não jogou esse quiz